00441cam a2200181ua 4500001000500000005001700005008003900022020001800061040000900079041000800088082000900096100002400105245005800129250000900187260002900196300001400225653002000239909820260515114427.0150221n xxk |||gr||||Z||||||eng a9780141182667 cMAIN aeng a823N aJoyce, J.,eAuthor.1 aPortrait of the artist as a young mancBY James Joyce a1st. aLondon:bPenguin,c2000. axlv,320p. aEnglish fiction